MARC

LEADER 00000nam0a2200000 4500
001 313733
005 20231102002616.0
020 |a RU  |b 81-49054 
035 |a (RuTPU)RU\TPU\book\339118 
090 |a 313733 
100 |a 20160202d1980 k y0rusy5003 ca 
101 0 |a rus 
102 |a RU 
105 |a a z 001zy 
200 1 |a Повышение надежности газотранспортных систем в сложных климатических условиях  |e сборник научных трудов  |f Всесоюзный научно-исследовательский институт природных газов (ВНИИГАЗ) 
210 |a Москва  |c Изд-во ВНИИгаз  |d 1980 
215 |a 200 с.  |c ил.  |e 6 л. ил. 
320 |a Библиогр. в конце ст. 
606 1 |a Газопроводы магистральные  |x Надежность  |2 stltpush  |3 (RuTPU)RU\TPU\subj\5131  |9 33278 
610 1 |a газотранспортные системы 
610 1 |a сложные условия 
610 1 |a климатические условия 
610 1 |a защита от коррозии 
610 1 |a электрохимическая защита 
610 1 |a высокопрочные трубные стали 
610 1 |a компрессорные станции 
610 1 |a оптимизация 
610 1 |a грунты 
610 1 |a закрепление 
675 |a 622.691.4  |z rus  |v 3 
712 0 2 |a Всесоюзный научно-исследовательский институт природных газов (ВНИИГАЗ)  |c (Москва)  |2 stltpush  |3 (RuTPU)RU\TPU\col\8263 
801 0 |a RU  |b RuMRKP  |c 19950704  |g psbo 
801 1 |a RU  |b 63413507  |c 20160202 
801 2 |a RU  |b 63413507  |c 20191125  |g RCR 
942 |c BK